[Event "Varadero op-A"]
[Site "Varadero"]
[Date "2023.10.06"]
[Round "6"]
[White "Borges Barroso, Yohan"]
[Black "Cruz Perez, Luis Jacques"]
[Result "1-0"]
[WhiteElo "2143"]
[BlackElo "1825"]
[PlyCount "95"]
[EventDate "2023.10.03"]
[EventType "swiss"]
[EventRounds "9"]
[EventCountry "CUB"]
[SourceTitle "EXT 2025"]
[Source "ChessBase"]
[SourceDate "2024.10.14"]
[SourceVersion "1"]
[SourceVersionDate "2024.10.14"]
[SourceQuality "1"]

1. e4 c6 2. d4 d5 3. e5 Bf5 4. Nf3 e6 5. Be2 c5 6. c3 Nc6 7. 0-0 Bg6 8. a4 cxd4 9. cxd4 Bb4 10. Nbd2 Nge7 11. Nb3 Na5 12. Nc5 Bxc5 13. dxc5 Nec6 14. Bd2 Nc4 15. Bc3 Qc7 16. b3 N4xe5 17. Nxe5 Nxe5 18. f4 Nd3 19. b4 Nxf4 20. Bb5+ Kf8 21. Qd4 e5 22. Qxe5 Qxe5 23. Bxe5 Nd3 24. Bd6+ Kg8 25. c6 bxc6 26. Bxc6 Rc8 27. b5 Be4 28. Rfd1 h5 29. Ra3 Nb2 30. Rd4 Rh6 31. Bf4 Rg6 32. g3 Rf6 33. Rb3 Nc4 34. Bxd5 Bxd5 35. Rxd5 Nb6 36. Rxh5 Nxa4 37. Ra3 Rc4 38. Rd3 Rc8 39. Rd7 a6 40. h4 axb5 41. Rxb5 Nc3 42. Re5 Ra8 43. Kh2 Ra2+ 44. Kh3 Ra5 45. h5 Rc6 46. Rg5 Rh6 47. g4 Ne4 48. Re5 1-0

[Event "Varadero op-A"]
[Site "Varadero"]
[Date "2023.10.04"]
[Round "4"]
[White "Alonso Orta, Osiel Alberto"]
[Black "Cruz Perez, Luis Jacques"]
[Result "0-1"]
[WhiteElo "2079"]
[BlackElo "1825"]
[PlyCount "53"]
[EventDate "2023.10.03"]
[EventType "swiss"]
[EventRounds "9"]
[EventCountry "CUB"]
[SourceTitle "EXT 2025"]
[Source "ChessBase"]
[SourceDate "2024.10.14"]
[SourceVersion "1"]
[SourceVersionDate "2024.10.14"]
[SourceQuality "1"]

1. e4 c6 2. d4 d5 3. Nc3 dxe4 4. Nxe4 Nf6 5. Nxf6+ exf6 6. Nf3 Bd6 7. Bc4 0-0 8. 0-0 Bg4 9. h3 Bh5 10. c3 Re8 11. Bb3 Nd7 12. Bc2 Nf8 13. c4 Bb8 14. Be3 Qd6 15. Re1 Ne6 16. g4 Bg6 17. Bxg6 hxg6 18. Qb3 Bc7 19. d5 cxd5 20. cxd5 Nf4 21. Bxf4 Qxf4 22. Kg2 f5 23. g5 Re4 24. Rad1 Rae8 25. Qxb7 Re2 26. Rxe2 Rxe2 27. Qb5 0-1

[Event "Varadero op-A"]
[Site "Varadero"]
[Date "2023.10.04"]
[Round "3"]
[White "Cruz Perez, Luis Jacques"]
[Black "Ruiz, Luis"]
[Result "1/2-1/2"]
[WhiteElo "1825"]
[BlackElo "2157"]
[PlyCount "89"]
[EventDate "2023.10.03"]
[EventType "swiss"]
[EventRounds "9"]
[EventCountry "CUB"]
[SourceTitle "EXT 2025"]
[Source "ChessBase"]
[SourceDate "2024.10.14"]
[SourceVersion "1"]
[SourceVersionDate "2024.10.14"]
[SourceQuality "1"]

1. Nf3 Nf6 2. c4 g6 3. g3 Bg7 4. Bg2 0-0 5. 0-0 d6 6. d4 Nc6 7. Nc3 a6 8. d5 Na5 9. Nd2 c5 10. Qc2 Rb8 11. b3 b5 12. Bb2 bxc4 13. bxc4 e5 14. Rab1 Bh6 15. e3 Bf5 16. Nce4 Nxe4 17. Nxe4 Rb4 18. Bc3 Rxc4 19. g4 Bxe4 20. Bxe4 Qh4 21. Bf3 Rxg4+ 22. Bxg4 Qxg4+ 23. Kh1 Qf3+ 24. Kg1 Nc4 25. Qd1 Qe4 26. Be1 f5 27. Rb7 Rf7 28. Rxf7 Kxf7 29. Qa4 Qxd5 30. Qxa6 f4 31. e4 Qxe4 32. f3 Qd5 33. Qa7+ Kg8 34. Bh4 g5 35. Qb8+ Kf7 36. Rb1 Kg6 37. Bf2 Nd2 38. Rb7 Nxf3+ 39. Kf1 Nxh2+ 40. Kg1 Nf3+ 41. Kf1 Nh2+ 42. Kg1 Nf3+ 43. Kf1 Nd2+ 44. Kg1 Nf3+ 45. Kf1 1/2-1/2